Music Quiz

Random Music or Bands Quiz

Fictional Bands Quiz Stats

 Plays Quiz Updated Feb 9, 2017

Score 0/20 Timer 05:00
1 Play Today
Source Band Name % Correct
The Office (US)Scrantonicity
37.4%
That Thing You DoThe Wonders
36.1%
O Brother, Where Art Thou?Soggy Bottom Boys
32.6%
The SimpsonsThe Be-Sharps
31.7%
Full HouseJesse and the Rippers
30.3%
Bill and Ted's Excellent AdventureWyld Stallyns
27.8%
Almost FamousStillwater
26.7%
LOSTDriveShaft
24.2%
MetalocalypseDethklok
17.2%
The Muppet ShowDr. Teeth and The Electric Mayhem
14.6%
Source Band Name % Correct
AirheadsThe Lone Rangers
12.3%
The Big LebowskiAutobahn
9.2%
Coming to AmericaSexual Chocolate
8.8%
Rock StarSteel Dragon
8.7%
Arrested DevelopmentDr. Funke’s 100% Natural Good Time Family Band Solution
8.4%
All You Need Is CashThe Rutles
7.8%
High FidelityBarry Jive and his Uptown Five
7.3%
Buffy the Vampire SlayerDingoes Ate My Baby
5%
SinglesCitizen Dick
4.2%
The Restaurant at the End of the UniverseDisaster Area
1.8%

You're not logged in!

Compare scores with friends on all Sporcle quizzes.
OR
Log In

Sporcle TV

Today on Sporcle TV


Watch our educational content, quiz creation guides, and fun videos on Sporcle TV.

Show Comments

Extras

Top Quizzes Today


Score Distribution

Your Account Isn't Verified!

In order to create a playlist on Sporcle, you need to verify the email address you used during registration. Go to your Sporcle Settings to finish the process.

Report this User

Report this user for behavior that violates our Community Guidelines.

Details: